Представление документа в формате RUSMARC

ПолеНазваниеЗначение
  Тип записи a
  Библиографический уровень a
001 Контрольный номер RU/CBS_UL/BASE/5aa71210d54d41b596d36dc391fbe539
005 Дата корректировки 20260413142251.0
100 Данные общей обработки __
a Данные общей обработки 20260413 ||| 0rusy0189 ca
101 Язык документа 0_
a Язык текста rus
102 Страна публикации __
a Страна публикации RU
200 Заглавие и сведения об ответственности 1_
a Заглавие Первые леди в мировой политике
e Сведения, относящиеся к заглавию [о жёнах политиков и президентов]
f Первые сведения об ответственности Т. Иванова
300 Общие примечания __
a Общие примечания 16+
461 Уровень набора _0
1 2000
a Дарья. Биография
463 Уровень физической единицы _0
1 2000
a № 3
v С. 26-27 : фот.
1 2101
d 2026
1 001RU/CBS_UL/BASE/8a545d0a4e7c449cbd5f34bb5f136998
600 Персоналии _1
a Персоналии (Фамилия) Хрущева
b Персоналии (Имя, инициалы) Н.П.
600 Персоналии _1
a Персоналии (Фамилия) Кеннеди
b Персоналии (Имя, инициалы) Ж.
600 Персоналии _1
a Персоналии (Фамилия) Келли
b Персоналии (Имя, инициалы) Г.
600 Персоналии _1
a Персоналии (Фамилия) Перон
b Персоналии (Имя, инициалы) Э.
600 Персоналии _1
a Персоналии (Фамилия) Горбачёва
b Персоналии (Имя, инициалы) Р.М.
600 Персоналии _1
a Персоналии (Фамилия) Трамп
b Персоналии (Имя, инициалы) М.
606 Тематические рубрики 0_
a Основная рубрика Политические деятели - СССР - США - Монако - Аргентина
y Географическая подрубрика СССР
y Географическая подрубрика США
y Географическая подрубрика Монако
y Географическая подрубрика Аргентина
610 Ключевые слова 0_
a Ключевые слова политические деятели, политики, президенты, жёны президентов, первые леди, политические деятели советские, политические деятели США
686 Индексы других классификаций __
2 Код системы rubbk
a Классификационный индекс 66.1
700 Автор _1
a Фамилия Иванова
b Имя (инициалы) Т.
801 Источник записи _0
a Страна RU
b Организация МБУК ЦБС г. Ульяновска
c Дата составления 20260413
g Правила каталогизации RCR
801 Источник записи _1
a Страна RU
b Организация МБУК ЦБС г. Ульяновска
c Дата составления 20260413
g Правила каталогизации RCR
901 Тип документа __
t Тип документа b
w Контрольный № источника RU/CBS_UL/BASE/8a545d0a4e7c449cbd5f34bb5f136998
909 Создатель записи __
a Создатель записи lib1